[Event "Mittelfrank Regionalliga Sud-Ost 2223"]
[Site "Mittelfranken"]
[Date "2022.10.09"]
[Round "1.1"]
[White "Westenthanner, Paul"]
[Black "Poelt, Christoph"]
[Result "0-1"]
[WhiteElo "2046"]
[BlackElo "2137"]
[PlyCount "80"]
[EventDate "2022.10.09"]
[EventType "team-tourn"]
[EventRounds "9"]
[EventCountry "GER"]
[SourceTitle "EXT 2024"]
[Source "ChessBase"]
[SourceDate "2023.10.10"]
[SourceVersion "1"]
[SourceVersionDate "2023.10.10"]
[SourceQuality "1"]
[WhiteTeam "Landshut"]
[BlackTeam "Tegernsee"]
[WhiteTeamCountry "GER"]
[BlackTeamCountry "GER"]

1. d4 d5 2. Nf3 Nf6 3. g3 Bf5 4. Bg2 e6 5. c4 c6 6. Nc3 Nbd7 7. Qb3 Qb6 8. c5 Qxb3 9. axb3 a6 10. h3 h6 11. g4 Be4 12. Bf4 g5 13. Bg3 Bg7 14. 0-0 0-0 15. b4 Rfe8 16. e3 Bd3 17. Rfd1 Bc2 18. Re1 Ne4 19. Rac1 Bd3 20. Nxe4 Bxe4 21. Ne5 Nxe5 22. dxe5 Bxg2 23. Kxg2 a5 24. bxa5 Rxa5 25. b4 Rb5 26. Ra1 Rxb4 27. Reb1 Rxb1 28. Rxb1 Rb8 29. f4 Bf8 30. h4 Bxc5 31. Kf3 Be7 32. hxg5 hxg5 33. f5 b5 34. f6 Ba3 35. Rh1 b4 36. Rh5 b3 37. Rxg5+ Kf8 38. Rh5 Ke8 39. Rh8+ Bf8 40. Rh1 c5 0-1

[Event "Mittelfrank Regionalliga Sud-Ost 2122"]
[Site "Mittelfranken"]
[Date "2022.05.15"]
[Round "5.1"]
[White "Poelt, Christoph"]
[Black "Glawe, Ralf"]
[Result "1/2-1/2"]
[WhiteElo "2129"]
[BlackElo "2067"]
[PlyCount "28"]
[EventDate "2021.10.24"]
[EventType "team-tourn"]
[EventRounds "9"]
[EventCountry "GER"]
[SourceTitle "EXT 2024"]
[Source "ChessBase"]
[SourceDate "2023.10.10"]
[SourceVersion "1"]
[SourceVersionDate "2023.10.10"]
[SourceQuality "1"]
[WhiteTeam "Tegernsee"]
[BlackTeam "Ingolstadt"]
[WhiteTeamCountry "GER"]
[BlackTeamCountry "GER"]

1. d4 Nf6 2. c4 e6 3. g3 d5 4. Bg2 dxc4 5. Nf3 c5 6. 0-0 Nc6 7. dxc5 Qxd1 8. Rxd1 Bxc5 9. Nbd2 c3 10. bxc3 Bd7 11. Nb3 Be7 12. c4 0-0 13. Bb2 Rfd8 14. c5 Be8 1/2-1/2

[Event "Mittelfrank Regionalliga Sud-Ost 2122"]
[Site "Mittelfranken"]
[Date "2022.04.03"]
[Round "7.1"]
[White "Poelt, Christoph"]
[Black "Lohr, Maximilian"]
[Result "1/2-1/2"]
[WhiteElo "2129"]
[BlackElo "2125"]
[PlyCount "30"]
[EventDate "2021.10.24"]
[EventType "team-tourn"]
[EventRounds "9"]
[EventCountry "GER"]
[SourceTitle "EXT 2024"]
[Source "ChessBase"]
[SourceDate "2023.10.10"]
[SourceVersion "1"]
[SourceVersionDate "2023.10.10"]
[SourceQuality "1"]
[WhiteTeam "Tegernsee"]
[BlackTeam "Ergolding"]
[WhiteTeamCountry "GER"]
[BlackTeamCountry "GER"]

1. d4 Nf6 2. c4 e6 3. Nc3 c5 4. d5 exd5 5. cxd5 d6 6. g3 g6 7. Bg2 Bg7 8. Nf3 0-0 9. 0-0 a6 10. a4 Nbd7 11. Bf4 Qc7 12. e4 Ng4 13. Re1 c4 14. Qe2 Nde5 15. Nxe5 Nxe5 1/2-1/2

[Event "Bayern-chI Bank Hofmann 23rd"]
[Site "Tegernsee"]
[Date "2019.10.27"]
[Round "2"]
[White "Moehn, Hans"]
[Black "Poelt, Christoph"]
[Result "1-0"]
[WhiteElo "2370"]
[BlackElo "2094"]
[PlyCount "71"]
[EventDate "2019.10.26"]
[EventType "swiss"]
[EventRounds "9"]
[EventCountry "GER"]
[SourceTitle "CBM 192 Extra"]
[Source "Chessbase"]
[SourceDate "2019.11.06"]
[SourceVersion "1"]
[SourceVersionDate "2019.11.06"]
[SourceQuality "1"]

1. Nf3 Nf6 2. c4 g6 3. d4 Bg7 4. e3 d5 5. cxd5 Nxd5 6. e4 Nb6 7. Be2 Bg4 8. Nbd2 0-0 9. h3 Be6 10. Nb3 Bc4 11. Na5 Bxe2 12. Qxe2 Qc8 13. Bd2 Na6 14. Rc1 c6 15. d5 c5 16. b4 Nd7 17. 0-0 b6 18. Nc6 Re8 19. b5 Nab8 20. e5 Nf8 21. Bg5 Nxc6 22. dxc6 Ne6 23. Rfd1 a6 24. a4 axb5 25. axb5 Ra5 26. Rd7 Nc7 27. Rb1 e6 28. Qc4 Nd5 29. Rd1 h6 30. R1xd5 exd5 31. Qxd5 Rf8 32. Be7 Re8 33. e6 fxe6 34. Qxe6+ Kh8 35. Qxg6 Rg8 36. Bf6 1-0

[Event "Regionalliga Sued-Ost 1819"]
[Site "Bayern"]
[Date "2019.04.07"]
[Round "9.4"]
[White "Poelt, Christoph"]
[Black "Wolf, Gregor"]
[Result "1/2-1/2"]
[WhiteElo "2051"]
[BlackElo "1900"]
[PlyCount "68"]
[EventDate "2018.10.21"]
[EventType "team-tourn"]
[EventRounds "9"]
[EventCountry "GER"]
[SourceTitle "EXT 2022"]
[Source "ChessBase"]
[SourceDate "2021.10.06"]
[SourceVersion "1"]
[SourceVersionDate "2021.10.06"]
[SourceQuality "1"]
[WhiteTeam "Tegernsee TV"]
[BlackTeam "Grafenau"]
[WhiteTeamCountry "GER"]
[BlackTeamCountry "GER"]

1. d4 Nf6 2. c4 e6 3. g3 d5 4. Bg2 dxc4 5. Nf3 c6 6. a4 Bb4+ 7. Bd2 Qe7 8. Ne5 Nbd7 9. Nxc4 0-0 10. 0-0 Bxd2 11. Qxd2 e5 12. Nc3 exd4 13. Qxd4 Qc5 14. Rfd1 Qxd4 15. Rxd4 Nc5 16. Rad1 Nb3 17. Rd8 Be6 18. Rxa8 Rxa8 19. Nd6 Bc8 20. Nde4 Be6 21. Nd6 Bc8 22. Nde4 Be6 23. Nxf6+ gxf6 24. e3 f5 25. Bf3 Kf8 26. Kf1 Ke7 27. Ke1 Rd8 28. Rxd8 Kxd8 29. Bd1 Nc5 30. Bc2 a5 31. Kd2 Ke7 32. Ne2 Kf6 33. Kc3 Ke5 34. Nd4 h6 1/2-1/2

[Event "GER-chT U16"]
[Site "Aurich"]
[Date "2018.12.27"]
[Round "2.1"]
[White "Post, Hugo"]
[Black "Poelt, Christoph"]
[Result "0-1"]
[WhiteElo "2104"]
[BlackElo "2075"]
[PlyCount "60"]
[EventDate "2018.12.27"]
[EventType "team-swiss"]
[EventRounds "7"]
[EventCountry "GER"]
[SourceTitle "CBM 188 Extra"]
[Source "ChessBase"]
[SourceDate "2019.02.26"]
[SourceVersion "1"]
[SourceVersionDate "2019.02.26"]
[SourceQuality "1"]
[WhiteTeam "Halle Reideburger"]
[BlackTeam "Tegernsee"]
[WhiteTeamCountry "GER"]
[BlackTeamCountry "GER"]

1. e4 c6 2. d4 d5 3. Nc3 dxe4 4. Nxe4 Bf5 5. Ng3 Bg6 6. h4 h6 7. h5 Bh7 8. Nf3 Nd7 9. Bd3 Bxd3 10. Qxd3 Ngf6 11. Bd2 e6 12. 0-0-0 Be7 13. Ne4 Qc7 14. g3 Nxe4 15. Qxe4 Nf6 16. Qe2 0-0-0 17. c4 c5 18. Ne5 Rxd4 19. Nxf7 Re4 20. Be3 Rf8 21. f3 Rxf7 22. fxe4 Qxg3 23. Rhf1 Qe5 24. Qd3 Rf8 25. Rde1 Qxh5 26. Bf4 Nd7 27. Rd1 Qe8 28. Qh3 Rxf4 29. Qxe6 Rxf1 30. Rxf1 Bg5+ 0-1

[Event "GER-ch U25-A"]
[Site "Willingen"]
[Date "2018.05.21"]
[Round "3"]
[White "Poelt, Christoph"]
[Black "Gallasch, Robin"]
[Result "1/2-1/2"]
[WhiteElo "1978"]
[BlackElo "1804"]
[PlyCount "109"]
[EventDate "2018.05.19"]
[EventType "swiss"]
[EventRounds "9"]
[EventCountry "GER"]
[SourceTitle "CBM 184 Extra"]
[Source "ChessBase"]
[SourceDate "2018.06.28"]
[SourceVersion "1"]
[SourceVersionDate "2018.06.28"]
[SourceQuality "1"]

1. d4 Nf6 2. c4 c5 3. d5 e6 4. Nc3 exd5 5. cxd5 d6 6. g3 g6 7. Bg2 Bg7 8. Nf3 0-0 9. 0-0 Re8 10. Re1 Na6 11. Nd2 Nc7 12. a4 Nd7 13. Qc2 b6 14. Nc4 Ne5 15. Na3 Bb7 16. Bd2 Rb8 17. h3 f5 18. Rad1 Qd7 19. Kh2 a6 20. f4 Nf7 21. Qd3 Ba8 22. Nc2 b5 23. axb5 axb5 24. b4 c4 25. Qf3 Bb7 26. e4 Kh8 27. Ra1 Ra8 28. Rxa8 Bxa8 29. Qf2 Kg8 30. Nd4 fxe4 31. Rxe4 Rxe4 32. Bxe4 Bb7 33. Bf3 Nh6 34. g4 Kf8 35. Qe3 Nf7 36. g5 Bxd4 37. Qxd4 Qf5 38. Be4 Qd7 39. Nd1 Bc8 40. Nf2 Ne8 41. Bc3 Qe7 42. h4 Bf5 43. Kg3 h5 44. Bxf5 gxf5 45. g6 Nh6 46. Qh8+ Ng8 47. Qxh5 Qe3+ 48. Qf3 Qxf3+ 49. Kxf3 Nef6 50. Nd1 Kg7 51. h5 Kh6 52. Bxf6 Nxf6 53. Nc3 Kxh5 54. g7 Kg6 55. g8Q+ 1/2-1/2

[Event "GER-ch U25-A"]
[Site "Willingen"]
[Date "2018.05.20"]
[Round "2"]
[White "Moeller, Lisa Marie"]
[Black "Poelt, Christoph"]
[Result "1/2-1/2"]
[WhiteElo "1830"]
[BlackElo "1978"]
[PlyCount "57"]
[EventDate "2018.05.19"]
[EventType "swiss"]
[EventRounds "9"]
[EventCountry "GER"]
[SourceTitle "CBM 184 Extra"]
[Source "ChessBase"]
[SourceDate "2018.06.28"]
[SourceVersion "1"]
[SourceVersionDate "2018.06.28"]
[SourceQuality "1"]

1. e4 c5 2. Nf3 d6 3. Bb5+ Bd7 4. Bxd7+ Qxd7 5. c4 Nc6 6. d4 cxd4 7. Nxd4 g6 8. Nc3 Bg7 9. Be3 Nf6 10. f3 0-0 11. 0-0 Rfc8 12. b3 Ne5 13. Rc1 Rab8 14. Nc2 Nc6 15. Qd2 Qe6 16. Nd5 Nd7 17. Rfd1 b6 18. Nd4 Nxd4 19. Bxd4 Nc5 20. Nf4 Bxd4+ 21. Qxd4 Qe5 22. Qxe5 dxe5 23. Nd3 Nxd3 24. Rxd3 Rd8 25. Rcd1 Rxd3 26. Rxd3 Rb7 27. Kf2 f6 28. Ke3 Kf7 29. g4 1/2-1/2

[Event "Regionalliga Sued-Ost 1718"]
[Site "Bayern"]
[Date "2018.01.21"]
[Round "5.3"]
[White "Poelt, Christoph"]
[Black "Hinterreiter, Markus"]
[Result "1-0"]
[WhiteElo "1978"]
[BlackElo "2074"]
[PlyCount "109"]
[EventDate "2017.10.22"]
[EventType "team-tourn"]
[EventRounds "9"]
[EventCountry "GER"]
[SourceTitle "EXT 2022"]
[Source "ChessBase"]
[SourceDate "2021.10.06"]
[SourceVersion "1"]
[SourceVersionDate "2021.10.06"]
[SourceQuality "1"]
[WhiteTeam "Tegernsee TV"]
[BlackTeam "Trostberg TSV"]
[WhiteTeamCountry "GER"]
[BlackTeamCountry "GER"]

1. d4 Nf6 2. c4 c6 3. Nc3 d5 4. cxd5 cxd5 5. Bf4 Nc6 6. e3 a6 7. Bd3 e6 8. Rc1 Bd6 9. Bxd6 Qxd6 10. f4 0-0 11. Nf3 b5 12. 0-0 Bb7 13. Ne5 Rac8 14. Rf3 Qb4 15. Rh3 g6 16. Qe1 Nxe5 17. fxe5 Ng4 18. Rh4 h5 19. h3 Nh6 20. Rc2 Nf5 21. Bxf5 exf5 22. g4 Qe7 23. Rg2 fxg4 24. hxg4 Kg7 25. gxh5 Rh8 26. Qg3 Rh6 27. Rg4 Rc6 28. hxg6 Rcxg6 29. Ne2 Bc8 30. Rxg6+ Rxg6 31. Qf2 Qc7 32. Qf6+ Kh7 33. Rxg6 fxg6 34. e6 Qg7 35. Qh4+ Qh6 36. Qxh6+ Kxh6 37. e7 Bd7 38. Nf4 Kg7 39. Nxd5 Kf7 40. Nc7 Kxe7 41. Nxa6 Bf5 42. Nc5 Bb1 43. a4 bxa4 44. Nxa4 Kd6 45. Nc3 Bd3 46. Kf2 Ke6 47. e4 Ba6 48. Kg3 g5 49. b4 Bc8 50. Kg4 Kf6+ 51. Kh5 Bb7 52. Nd5+ Ke6 53. Kxg5 Bxd5 54. exd5+ Kxd5 55. b5 1-0

[Event "GER-ch U14"]
[Site "Willingen"]
[Date "2016.05.20"]
[Round "8"]
[White "Poelt, Christoph"]
[Black "Muehlpfordt, Thomas"]
[Result "1-0"]
[WhiteElo "1882"]
[BlackElo "1715"]
[PlyCount "137"]
[EventDate "2016.05.15"]
[EventType "swiss"]
[EventRounds "9"]
[EventCountry "GER"]
[SourceTitle "CBM 172 Extra"]
[Source "ChessBase"]
[SourceDate "2016.06.21"]
[SourceVersion "1"]
[SourceVersionDate "2016.06.21"]
[SourceQuality "1"]

1. d4 d5 2. c4 c6 3. Nf3 Nf6 4. Nc3 e6 5. g3 dxc4 6. Bg2 b5 7. Bg5 h6 8. Bxf6 Qxf6 9. Ne5 Bb4 10. 0-0 Bxc3 11. bxc3 Bb7 12. a4 Qe7 13. Qb1 a6 14. axb5 axb5 15. Rxa8 Bxa8 16. Nxc4 0-0 17. Ne5 Bb7 18. Qb3 Rc8 19. Ra1 Nd7 20. Nxd7 Qxd7 21. Ra7 Rc7 22. Qa3 g6 23. Qc5 Kh7 24. Rxb7 Rxb7 25. Bxc6 Qc7 26. Bxb7 Qxb7 27. Qb4 Qd5 28. Qb1 e5 29. e3 e4 30. h4 Qc4 31. Qb4 Qd3 32. Qb2 Kg7 33. d5 Kh7 34. d6 Qxd6 35. Qxb5 Qd1+ 36. Qf1 Qc2 37. Qa1 h5 38. Kg2 Qe2 39. Qc1 Qf3+ 40. Kg1 g5 41. hxg5 h4 42. gxh4 Qg4+ 43. Kf1 Qxh4 44. Qc2 Kg6 45. c4 Qh3+ 46. Ke1 Qe6 47. c5 Qc6 48. Qc3 Kf5 49. Qf6+ Qxf6 50. gxf6 Ke5 51. Ke2 Kd5 52. Kd2 Kc6 53. Kc2 Kxc5 54. Kc3 Kd5 55. Kb4 Ke5 56. Kc5 Kxf6 57. Kd5 Ke7 58. Kxe4 Ke6 59. Kf4 Kf6 60. e4 Ke6 61. e5 Kd7 62. Kf5 Ke7 63. f3 Kd7 64. Kf6 Ke8 65. e6 fxe6 66. Kxe6 Kf8 67. Kf6 Ke8 68. f4 Kf8 69. f5 1-0

[Event "GER-ch U14"]
[Site "Willingen"]
[Date "2016.05.18"]
[Round "6"]
[White "Poelt, Christoph"]
[Black "Pysarenko, Kyrill"]
[Result "1-0"]
[WhiteElo "1882"]
[BlackElo "1687"]
[PlyCount "39"]
[EventDate "2016.05.15"]
[EventType "swiss"]
[EventRounds "9"]
[EventCountry "GER"]
[SourceTitle "CBM 172 Extra"]
[Source "ChessBase"]
[SourceDate "2016.06.21"]
[SourceVersion "1"]
[SourceVersionDate "2016.06.21"]
[SourceQuality "1"]

1. d4 Nf6 2. c4 c5 3. d5 e6 4. Nc3 exd5 5. cxd5 d6 6. e4 a6 7. f4 Nbd7 8. Nf3 Qe7 9. Bd3 g6 10. 0-0 Bg7 11. e5 dxe5 12. fxe5 Ng4 13. Bg5 Qf8 14. e6 fxe6 15. dxe6 Ndf6 16. Qa4+ b5 17. Bxb5+ axb5 18. Qxa8 Kd8 19. Nd5 h6 20. e7+ 1-0

[Event "GER-ch U14"]
[Site "Willingen"]
[Date "2016.05.17"]
[Round "4"]
[White "Roth, Jakob"]
[Black "Poelt, Christoph"]
[Result "0-1"]
[WhiteElo "1812"]
[BlackElo "1882"]
[PlyCount "72"]
[EventDate "2016.05.15"]
[EventType "swiss"]
[EventRounds "9"]
[EventCountry "GER"]
[SourceTitle "CBM 172 Extra"]
[Source "ChessBase"]
[SourceDate "2016.06.21"]
[SourceVersion "1"]
[SourceVersionDate "2016.06.21"]
[SourceQuality "1"]

1. d4 d5 2. c4 e6 3. Nc3 Nf6 4. cxd5 exd5 5. Bg5 Nbd7 6. e3 c6 7. Bd3 Be7 8. Qc2 Nh5 9. Bxe7 Qxe7 10. Qe2 g6 11. Nf3 Nb6 12. Ne5 Ng7 13. 0-0 0-0 14. Rab1 Bf5 15. b4 a6 16. a4 Rfc8 17. a5 Nd7 18. Bxf5 Nxf5 19. Nxd7 Qxd7 20. Na4 Qe7 21. Nb6 Nxd4 22. Qg4 Ne6 23. Nxa8 Rxa8 24. Rfc1 h5 25. Qg3 h4 26. Qg4 Kg7 27. g3 Rh8 28. Re1 Ng5 29. Qd4+ Kg8 30. Kg2 h3+ 31. Kf1 Nf3 32. Qc5 Nxh2+ 33. Ke2 Qe4 34. Rbd1 Nf3 35. Rh1 h2 36. Rd3 Ng1+ 0-1

[Event "GER-ch U14"]
[Site "Willingen"]
[Date "2016.05.17"]
[Round "5"]
[White "Stelmaszyk, Nico"]
[Black "Poelt, Christoph"]
[Result "1-0"]
[WhiteElo "1779"]
[BlackElo "1882"]
[PlyCount "65"]
[EventDate "2016.05.15"]
[EventType "swiss"]
[EventRounds "9"]
[EventCountry "GER"]
[SourceTitle "CBM 172 Extra"]
[Source "ChessBase"]
[SourceDate "2016.06.21"]
[SourceVersion "1"]
[SourceVersionDate "2016.06.21"]
[SourceQuality "1"]

1. e4 d5 2. exd5 Qxd5 3. Nc3 Qd8 4. Bc4 Nf6 5. d3 c6 6. Nf3 e6 7. 0-0 Be7 8. Be3 Nbd7 9. Re1 0-0 10. Ne4 b6 11. Bf4 Nd5 12. Bd6 N7f6 13. Nxf6+ Nxf6 14. Bxe7 Qxe7 15. Nd4 Qd6 16. c3 Bb7 17. Nxe6 b5 18. Nxf8 bxc4 19. Nxh7 Nxh7 20. dxc4 Qc7 21. Re3 c5 22. Qe2 Nf6 23. Rd1 Qc6 24. f3 Bc8 25. Rd8+ Kh7 26. Qd3+ g6 27. Qd6 Qxd6 28. Rxd6 Be6 29. Rc6 Rb8 30. b3 Nd7 31. Rc7 a6 32. Rxe6 fxe6 33. Rxd7+ 1-0

[Event "Regionalliga SO 1516"]
[Site "Bayern"]
[Date "2016.02.21"]
[Round "7.7"]
[White "Poelt, Christoph"]
[Black "Soergel, Thomas"]
[Result "1/2-1/2"]
[WhiteElo "1875"]
[BlackElo "2009"]
[PlyCount "95"]
[EventDate "2015.10.11"]
[EventType "team-tourn"]
[EventRounds "9"]
[EventCountry "GER"]
[SourceTitle "EXT 2018"]
[Source "ChessBase"]
[SourceDate "2017.10.13"]
[SourceVersion "1"]
[SourceVersionDate "2017.10.13"]
[SourceQuality "1"]
[WhiteTeam "Tegernsee"]
[BlackTeam "Graefelfing"]
[WhiteTeamCountry "GER"]
[BlackTeamCountry "GER"]

1. d4 d5 2. c4 e6 3. Nf3 Nf6 4. g3 c6 5. Bg2 Be7 6. 0-0 0-0 7. Nbd2 b6 8. Qc2 Bb7 9. Rd1 Nbd7 10. e4 dxe4 11. Nxe4 Nxe4 12. Qxe4 Nf6 13. Qe2 Qc7 14. Bf4 Bd6 15. Ne5 Nd7 16. c5 Bxe5 17. Bxe5 Nxe5 18. Qxe5 Rac8 19. Rac1 b5 20. Be4 Qe7 21. Bg2 Rfd8 22. a4 bxa4 23. Bf1 Rd5 24. Qe3 Rcd8 25. Bc4 R5d7 26. Ra1 e5 27. Rxa4 exd4 28. Qxe7 Rxe7 29. Rxa7 Kf8 30. b4 Bc8 31. Ra8 Rc7 32. Ba6 Ke7 33. Rxc8 Rcxc8 34. Bxc8 Rxc8 35. Rxd4 Ra8 36. Kg2 Ra3 37. Rd6 Rb3 38. Rxc6 Rxb4 39. Rc7+ Ke6 40. c6 Rc4 41. Rc8 g6 42. c7 Ke7 43. Rh8 Rxc7 44. Rxh7 Rc3 45. f4 Ke6 46. Kh3 Kf6 47. Kg4 Rc8 48. Kf3 1/2-1/2

[Event "Regionalliga SO 1516"]
[Site "Bayern"]
[Date "2015.10.11"]
[Round "1.8"]
[White "Poelt, Christoph"]
[Black "Grausgruber, Rene"]
[Result "1-0"]
[WhiteElo "1875"]
[BlackElo "1934"]
[PlyCount "73"]
[EventDate "2015.10.11"]
[EventType "team-tourn"]
[EventRounds "9"]
[EventCountry "GER"]
[SourceTitle "EXT 2018"]
[Source "ChessBase"]
[SourceDate "2017.10.13"]
[SourceVersion "1"]
[SourceVersionDate "2017.10.13"]
[SourceQuality "1"]
[WhiteTeam "Tegernsee"]
[BlackTeam "Waldkraiburg"]
[WhiteTeamCountry "GER"]
[BlackTeamCountry "GER"]

1. d4 Nf6 2. c4 e5 3. dxe5 Ng4 4. Nf3 Nc6 5. e3 Bb4+ 6. Bd2 Qe7 7. Be2 Ngxe5 8. 0-0 a5 9. Nc3 Bxc3 10. Bxc3 0-0 11. Nxe5 Nxe5 12. Qd4 f6 13. e4 Re8 14. Bh5 Nf7 15. Rae1 Ra6 16. f4 Rd6 17. Qe3 g6 18. Qg3 Rc6 19. e5 Qc5+ 20. Kh1 fxe5 21. f5 Kg7 22. fxg6 hxg6 23. Bf3 Rf6 24. Bd5 Ree6 25. Bxe6 Rxe6 26. Qf4 Qe7 27. Rf2 d6 28. Ref1 Nh6 29. Qg3 Bd7 30. Bd2 Be8 31. Bg5 Qd7 32. Bf6+ Kh7 33. Qh4 e4 34. Rf4 e3 35. Qxh6+ Kg8 36. Qh8+ Kf7 37. Qg7# 1-0

[Event "Regionalliga SO 1415"]
[Site "Bayern"]
[Date "2014.10.19"]
[Round "1.7"]
[White "Poelt, Christoph"]
[Black "Assmann, Juergen"]
[Result "0-1"]
[WhiteElo "1875"]
[BlackElo "1900"]
[PlyCount "66"]
[EventDate "2014.10.19"]
[EventType "team-tourn"]
[EventRounds "9"]
[EventCountry "GER"]
[SourceTitle "EXT 2018"]
[Source "ChessBase"]
[SourceDate "2017.10.13"]
[SourceVersion "1"]
[SourceVersionDate "2017.10.13"]
[SourceQuality "1"]
[WhiteTeam "Tegernsee"]
[BlackTeam "Waldkraiburg"]
[WhiteTeamCountry "GER"]
[BlackTeamCountry "GER"]

1. d4 Nf6 2. c4 e5 3. dxe5 Ng4 4. Nf3 Nc6 5. g3 Bc5 6. e3 Ngxe5 7. Nxe5 Nxe5 8. Bg2 0-0 9. 0-0 d6 10. Qc2 a5 11. Nd2 Re8 12. Nb3 Qf6 13. Qe2 Bb6 14. c5 dxc5 15. Nd2 Bg4 16. f3 Bd7 17. Ne4 Qe7 18. b3 Nc6 19. Re1 Rad8 20. Bb2 Nb4 21. Nf2 Bc6 22. e4 Rd6 23. Bc3 Red8 24. a3 Nd3 25. Nxd3 Rxd3 26. Qb2 f6 27. Bf1 Rxf3 28. Be2 c4+ 29. Kg2 Rf2+ 30. Kh3 Bd7+ 31. g4 Bxg4+ 32. Bxg4 Rxb2 33. Bxb2 Rd3+ 0-1

[Event "GER-ch U12"]
[Site "Magdeburg"]
[Date "2014.06.14"]
[Round "11"]
[White "Bui, Ngoc Han Julia"]
[Black "Poelt, Christoph"]
[Result "1-0"]
[WhiteElo "1363"]
[BlackElo "1612"]
[PlyCount "111"]
[EventDate "2014.06.08"]
[EventType "swiss"]
[EventRounds "11"]
[EventCountry "GER"]
[SourceTitle "CBM 160 Extra"]
[Source "ChessBase"]
[SourceDate "2014.07.01"]
[SourceVersion "1"]
[SourceVersionDate "2014.07.01"]
[SourceQuality "1"]

1. e4 e5 2. Nf3 Nc6 3. Bc4 Bc5 4. 0-0 d6 5. c3 Nf6 6. Re1 0-0 7. d4 exd4 8. cxd4 Bb4 9. Bd2 Bxd2 10. Qxd2 Bg4 11. Nc3 Bxf3 12. gxf3 Nh5 13. Kh1 Kh8 14. Be2 f5 15. Rg1 fxe4 16. Nxe4 Nf4 17. Rg4 Nxe2 18. Qxe2 Nxd4 19. Qd3 Nxf3 20. Rg3 Ne5 21. Qc2 Qe7 22. Rag1 Rg8 23. Rh3 g6 24. Qc3 Rg7 25. f4 Ng4 26. Rxg4 Qxe4+ 27. Kg1 Re8 28. Rgh4 Qe1+ 29. Qxe1 Rxe1+ 30. Kf2 Rge7 31. Rxh7+ Rxh7 32. Rxh7+ Kxh7 33. Kxe1 d5 34. Ke2 d4 35. b4 b6 36. b5 Kg7 37. Kd3 Kf6 38. Kxd4 Ke6 39. a4 Kd6 40. h4 Ke6 41. Ke4 Kf6 42. f5 gxf5+ 43. Kf4 Kg6 44. h5+ Kxh5 45. Kxf5 Kh6 46. Ke5 Kg7 47. Ke6 Kf8 48. Kd7 Kf7 49. Kxc7 Ke7 50. Kb7 Kd7 51. Kxa7 Kc8 52. Kxb6 Kb8 53. a5 Ka8 54. Kc7 Ka7 55. b6+ Ka6 56. b7 1-0

[Event "GER-ch U12"]
[Site "Magdeburg"]
[Date "2014.06.12"]
[Round "8"]
[White "Poelt, Christoph"]
[Black "Wong, Gengchun"]
[Result "1-0"]
[WhiteElo "1612"]
[BlackElo "1850"]
[PlyCount "93"]
[EventDate "2014.06.08"]
[EventType "swiss"]
[EventRounds "11"]
[EventCountry "GER"]
[SourceTitle "CBM 160 Extra"]
[Source "ChessBase"]
[SourceDate "2014.07.01"]
[SourceVersion "1"]
[SourceVersionDate "2014.07.01"]
[SourceQuality "1"]

1. d4 Nf6 2. c4 g6 3. Nc3 d5 4. cxd5 Nxd5 5. e4 Nxc3 6. bxc3 Bg7 7. Nf3 0-0 8. Be2 c5 9. 0-0 b6 10. Be3 Nd7 11. Rc1 Bb7 12. d5 Qc7 13. c4 Rad8 14. Qd2 Rfe8 15. Bf4 Ne5 16. Nxe5 Bxe5 17. Bxe5 Qxe5 18. Bd3 e6 19. a4 Ba6 20. Rfe1 Qd4 21. Re3 Rd7 22. h3 Rde7 23. Rf3 exd5 24. exd5 Re2 25. Qxe2 Rxe2 26. Bxe2 Qd2 27. Rd1 Qxe2 28. Rfd3 Bxc4 29. R3d2 Qe7 30. d6 Qd7 31. Re1 Be6 32. g4 Qxa4 33. Rxe6 fxe6 34. d7 Qa1+ 35. Kg2 Qf6 36. d8Q+ Qxd8 37. Rxd8+ Kf7 38. Rd7+ Kf6 39. Rxa7 Ke5 40. Rb7 c4 41. Rxb6 c3 42. Rc6 Kd4 43. Kf3 Kd3 44. Rd6+ Kc2 45. Ke2 Kb2 46. Rb6+ Kc2 47. Rxe6 1-0

[Event "GER-ch U12"]
[Site "Magdeburg"]
[Date "2014.06.08"]
[Round "2"]
[White "Poelt, Christoph"]
[Black "Holinka, Henning"]
[Result "1-0"]
[WhiteElo "1612"]
[BlackElo "1763"]
[PlyCount "66"]
[EventDate "2014.06.08"]
[EventType "swiss"]
[EventRounds "11"]
[EventCountry "GER"]
[SourceTitle "CBM 160 Extra"]
[Source "ChessBase"]
[SourceDate "2014.07.01"]
[SourceVersion "1"]
[SourceVersionDate "2014.07.01"]
[SourceQuality "1"]

1. d4 d5 2. c4 e6 3. Nf3 Nf6 4. g3 Nbd7 5. Bg2 Bd6 6. 0-0 c6 7. Nfd2 0-0 8. Nc3 Re8 9. e4 dxe4 10. Ndxe4 Nxe4 11. Nxe4 Bc7 12. Bg5 f6 13. Be3 e5 14. d5 Nb6 15. d6 Bb8 16. c5 Nd5 17. Qb3 Kh8 18. Rad1 Qd7 19. Nd2 Nxe3 20. Qxe3 Qf7 21. Ne4 Rd8 22. a3 a5 23. f4 exf4 24. Qxf4 Ba7 25. g4 Qe6 26. h3 b6 27. b4 axb4 28. axb4 Qc4 29. d7 Rxd7 30. Rxd7 Bxd7 31. Qc7 bxc5 32. Qxd7 cxb4+ 33. Kh1 Bc5 1-0

[Event "GER-ch U12"]
[Site "Magdeburg"]
[Date "2014.06.08"]
[Round "1"]
[White "Ruppert, Paula"]
[Black "Poelt, Christoph"]
[Result "0-1"]
[WhiteElo "1202"]
[BlackElo "1612"]
[PlyCount "50"]
[EventDate "2014.06.08"]
[EventType "swiss"]
[EventRounds "11"]
[EventCountry "GER"]
[SourceTitle "CBM 160 Extra"]
[Source "ChessBase"]
[SourceDate "2014.07.01"]
[SourceVersion "1"]
[SourceVersionDate "2014.07.01"]
[SourceQuality "1"]

1. e4 e5 2. Nf3 Nc6 3. d4 exd4 4. Bc4 Be7 5. c3 Na5 6. Qxd4 Nxc4 7. Qxc4 d6 8. 0-0 Nf6 9. Rd1 c6 10. Ne5 0-0 11. Bf4 Be6 12. Qe2 Qb6 13. Nc4 Bxc4 14. Qxc4 d5 15. exd5 Qxb2 16. Nd2 Nxd5 17. Be5 Bf6 18. Bxf6 Nxf6 19. Rab1 Qc2 20. Rxb7 Qxd1+ 21. Nf1 Qd5 22. Qf4 Qxa2 23. Rc7 Nd5 24. Qg3 Nxc7 25. Qxc7 a5 0-1

[Event "Regionalliga SO 1314"]
[Site "Bayern"]
[Date "2014.02.09"]
[Round "6.8"]
[White "Poelt, Christoph"]
[Black "Weiss, Thomas1111"]
[Result "0-1"]
[WhiteElo "1569"]
[BlackElo "1802"]
[PlyCount "58"]
[EventDate "2013.10.13"]
[EventType "team-tourn"]
[EventRounds "9"]
[EventCountry "GER"]
[SourceTitle "EXT 2015"]
[Source "ChessBase"]
[SourceDate "2014.11.20"]
[SourceVersion "1"]
[SourceVersionDate "2014.11.20"]
[SourceQuality "1"]
[WhiteTeam "Tegernsee"]
[BlackTeam "Deggendorf"]
[WhiteTeamCountry "GER"]
[BlackTeamCountry "GER"]

1. d4 d6 2. c4 Nf6 3. Nc3 Bf5 4. Nf3 h6 5. Bf4 e6 6. e3 Be7 7. Bd3 Bxd3 8. Qxd3 Nbd7 9. 0-0 0-0 10. e4 c5 11. d5 Nh5 12. Be3 Re8 13. a3 Bf8 14. b4 b6 15. b5 g6 16. Qd2 Kh7 17. g4 Nhf6 18. g5 Ng4 19. h4 h5 20. Rfe1 Bg7 21. Rac1 exd5 22. exd5 Nde5 23. Nxe5 Nxe5 24. Qe2 Qd7 25. Kg2 Qf5 26. Red1 Re7 27. Nb1 Rae8 28. Nd2 Nd3 29. Rb1 Nf4+ 0-1